[Event "27th Klatovy B 2019"]
[Site "Klatovy CZE"]
[Date "2019.07.04"]
[Round "6.54"]
[White "Martinek, Lukas"]
[Black "Matlocha, Lubomir"]
[Result "0-1"]
[WhiteElo "1301"]
[BlackElo "1663"]
[PlyCount "64"]
[EventDate "2019.06.29"]
[EventType "swiss"]
[EventRounds "9"]
[EventCountry "CZE"]

1. e4 c6 2. d4 d6 3. Nf3 g6 4. c4 Bg7 5. Nc3 Qc7 6. Be3 Nd7 7. Be2 e5 8. d5 Ngf6 9. O-O O-O 10. Rc1 a6 11. Qd3 c5 12. a3 Ng4 13. Bd2 Re8 14. h3 Nh6 15. b4 b6 16. Rb1 f5 17. Rfd1 Nf6 18. Rb2 fxe4 19. Nxe4 Nxe4 20. Qxe4 Bf5 21. Qh4 e4 22. Bxh6 Bxb2 23. Ng5 Bf6 24. Re1 Bg7 25. g4 Bc8 26. Bd1 Bxh6 27. Nxe4 Rxe4 28. Rxe4 Bf8 29. Qg5 Bd7 30. f4 Qd8 31. h4 Qxg5 32. hxg5 Re8 0-1

[Event "27th Klatovy B 2019"]
[Site "Klatovy CZE"]
[Date "2019.07.04"]
[Round "6.55"]
[White "Leseticky, Vladimir"]
[Black "Devera, Filip"]
[Result "1/2-1/2"]
[WhiteElo "1631"]
[BlackElo "1253"]
[PlyCount "43"]
[EventDate "2019.06.29"]
[EventType "swiss"]
[EventRounds "9"]
[EventCountry "CZE"]

1. e4 e6 2. d4 d5 3. Nc3 Nf6 4. Bd3 c5 5. Nf3 Nc6 6. dxc5 Bxc5 7. O-O O-O 8. Bg5 h6 9. Bh4 Be7 10. Qe2 Nxe4 11. Nxe4 Bxh4 12. Ng3 Bf6 13. c3 Bd7 14. Rad1 Rc8 15. Bb1 Ne7 16. Qd3 Ng6 17. Ne2 a6 18. Nf4 Bb5 19. Qc2 Bxf1 20. Nxg6 fxg6 21. Kxf1 Qe8 22. Kg1 1/2-1/2

[Event "27th Klatovy B 2019"]
[Site "Klatovy CZE"]
[Date "2019.07.04"]
[Round "6.56"]
[White "Berkovec, Jakub"]
[Black "Trcka, Bohdan"]
[Result "0-1"]
[WhiteElo "1060"]
[BlackElo "1569"]
[PlyCount "68"]
[EventDate "2019.06.29"]
[EventType "swiss"]
[EventRounds "9"]
[EventCountry "CZE"]

1. e4 e5 2. Nf3 d6 3. d4 exd4 4. Nxd4 Be7 5. Nc3 c6 6. Be3 Bg5 7. Qd2 Bxe3 8. Qxe3 h6 9. Be2 Qg5 10. Qxg5 hxg5 11. O-O g6 12. Rad1 g4 13. f3 Nh6 14. Bc4 Nd7 15. fxg4 Ne5 16. Bb3 Nhxg4 17. Rd2 Nxh2 18. Rfd1 Bg4 19. Rc1 O-O-O 20. a3 Rh7 21. Ba2 a6 22. Bb3 c5 23. Nde2 Nhf3+ 24. gxf3 Nxf3+ 25. Kf2 Nxd2 26. Rd1 Nxb3 27. cxb3 Rh2+ 28. Ke3 Bxe2 29. Nxe2 f5 30. Nc3 Rxb2 31. Rb1 Rxb1 32. Nxb1 fxe4 33. Nc3 d5 34. Kf4 Kc7 0-1

[Event "27th Klatovy B 2019"]
[Site "Klatovy CZE"]
[Date "2019.07.04"]
[Round "6.57"]
[White "Levinsky, Ladislav"]
[Black "Roubal, Matyas"]
[Result "1/2-1/2"]
[WhiteElo "1515"]
[BlackElo "1019"]
[PlyCount "122"]
[EventDate "2019.06.29"]
[EventType "swiss"]
[EventRounds "9"]
[EventCountry "CZE"]

1. Nf3 d5 2. d4 Nc6 3. Bf4 Bf5 4. e3 e6 5. Bd3 Bxd3 6. cxd3 Bd6 7. Bg3 Nge7 8. Nc3 O-O 9. e4 Qd7 10. a3 Bxg3 11. hxg3 h6 12. Ne2 f5 13. e5 Ng6 14. Qd2 Qf7 15. Nh4 Nxh4 16. Rxh4 Rfe8 17. O-O-O Re7 18. Rdh1 Qe8 19. Kb1 Rd8 20. g4 Qg6 21. f3 Rf8 22. Nf4 Qe8 23. Nh5 f4 24. g3 Nxd4 25. Qf2 c5 26. gxf4 Qg6 27. f5 exf5 28. Nf4 Qe8 29. g5 hxg5 30. Rh8+ Kf7 31. Rxf8+ Qxf8 32. e6+ Nxe6 33. Nxd5 Rd7 34. Ne3 f4 35. Nc4 Kf6 36. Re1 Qc8 37. Qe2 Rd5 38. Ne5 b6 39. Qe4 Rd4 40. Qg6+ Ke7 41. Qf7+ Kd8 42. Ng6 Qd7 43. Qxe6 Qxe6 44. Rxe6 Rxd3 45. Re7 Rxf3 46. Rxg7 Re3 47. Kc1 f3 48. Kd2 Re2+ 49. Kd3 Rxb2 50. Ne5 Rb3+ 51. Ke4 Rxa3 52. Nxf3 g4 53. Nh2 g3 54. Nf3 Kc8 55. Rxg3 Kb7 56. Rg2 Rb3 57. Ne5 Rb4+ 58. Kd3 Rd4+ 59. Kc3 Ka6 60. Nc6 Rd6 61. Ra2+ Kb7 1/2-1/2

[Event "27th Klatovy B 2019"]
[Site "Klatovy CZE"]
[Date "2019.07.04"]
[Round "6.58"]
[White "Silhavy, Josef"]
[Black "Bukvaj, Jan"]
[Result "1-0"]
[WhiteElo "1448"]
[BlackElo "1158"]
[PlyCount "75"]
[EventDate "2019.06.29"]
[EventType "swiss"]
[EventRounds "9"]
[EventCountry "CZE"]

1. e4 d5 2. exd5 Qxd5 3. d4 Nf6 4. Nf3 e6 5. Be2 Nbd7 6. O-O c6 7. c4 Qa5 8. a3 Be7 9. Bd3 O-O 10. Re1 Qc7 11. Ne5 Bd6 12. f4 c5 13. Be3 b6 14. Nc3 a6 15. Ne4 Bb7 16. Nxd6 Qxd6 17. dxc5 Qc7 18. Nxd7 Nxd7 19. cxb6 Nxb6 20. Qc2 h6 21. b3 Rac8 22. Qf2 Nd7 23. b4 e5 24. Bf5 Rfe8 25. Rad1 Rcd8 26. Bxd7 Rxd7 27. Rxd7 Qxd7 28. fxe5 Rxe5 29. Qg3 Rg5 30. Bxg5 hxg5 31. h3 Qd4+ 32. Kh2 Qxc4 33. Qb8+ Kh7 34. Qxb7 Qf4+ 35. Kh1 Qf2 36. Qe4+ Kg8 37. Qe2 Qxe2 38. Rxe2 1-0

[Event "27th Klatovy B 2019"]
[Site "Klatovy CZE"]
[Date "2019.07.04"]
[Round "6.59"]
[White "Sykora, Vaclav"]
[Black "Novy, Jaroslav"]
[Result "1/2-1/2"]
[WhiteElo "1422"]
[BlackElo "1632"]
[PlyCount "59"]
[EventDate "2019.06.29"]
[EventType "swiss"]
[EventRounds "9"]
[EventCountry "CZE"]

1. c4 c6 2. Nc3 Nf6 3. d4 d5 4. e3 g6 5. Nf3 Bg7 6. Be2 O-O 7. O-O Bg4 8. Ne5 Bxe2 9. Qxe2 Nbd7 10. Nxd7 Qxd7 11. c5 b5 12. cxb6 axb6 13. Bd2 Rfe8 14. f4 c5 15. Nb5 Ne4 16. Rfd1 Nxd2 17. Rxd2 c4 18. a4 Ra5 19. b3 cxb3 20. Rb2 Rea8 21. Rxb3 Rxa4 22. Rxa4 Rxa4 23. Nc3 Rc4 24. Qb2 Qc8 25. h3 e6 26. Rxb6 Bf8 27. Rb3 Kg7 28. Kf2 Bb4 29. Rxb4 Rxc3 30. Kf3 1/2-1/2

[Event "27th Klatovy B 2019"]
[Site "Klatovy CZE"]
[Date "2019.07.04"]
[Round "6.60"]
[White "Hejda, Ondrej"]
[Black "Vilasek, Martin"]
[Result "1/2-1/2"]
[WhiteElo "1403"]
[BlackElo "1063"]
[PlyCount "45"]
[EventDate "2019.06.29"]
[EventType "swiss"]
[EventRounds "9"]
[EventCountry "CZE"]

1. e4 e5 2. f4 exf4 3. Nf3 Nc6 4. d3 Bd6 5. Nc3 Nge7 6. Be2 O-O 7. O-O b6 8. a3 Ba6 9. b4 b5 10. d4 Ng6 11. Nxb5 Bxb5 12. Bxb5 a6 13. Bd3 Be7 14. Bd2 d6 15. b5 axb5 16. Bxb5 Na7 17. Bc4 c5 18. Qc1 cxd4 19. Nxd4 Ne5 20. Bb3 Rc8 21. Rxf4 Nd3 22. Rxf7 Nxc1 23. Rxe7+ 1/2-1/2

[Event "27th Klatovy B 2019"]
[Site "Klatovy CZE"]
[Date "2019.07.04"]
[Round "6.61"]
[White "Skalicky, Jindrich"]
[Black "Stanke, Vilem"]
[Result "1/2-1/2"]
[WhiteElo "1201"]
[BlackElo "1371"]
[PlyCount "107"]
[EventDate "2019.06.29"]
[EventType "swiss"]
[EventRounds "9"]
[EventCountry "CZE"]

1. e4 e5 2. Nf3 Nc6 3. Bb5 a6 4. Ba4 Nf6 5. O-O Bc5 6. Qe2 b5 7. Bb3 Na5 8. Nxe5 Nxb3 9. axb3 O-O 10. Nf3 Bb7 11. d3 Re8 12. Be3 Bd6 13. Nbd2 Ng4 14. Rfe1 Nxe3 15. Qxe3 c6 16. e5 Bxe5 17. Nxe5 d6 18. Nxf7 Rxe3 19. Nxd8 Rxe1+ 20. Rxe1 Rxd8 21. Re7 Bc8 22. Nf3 Kf8 23. Re4 d5 24. Rf4+ Kg8 25. g3 Re8 26. c4 dxc4 27. dxc4 Re2 28. cxb5 Rxb2 29. h4 axb5 30. b4 Be6 31. Ng5 Bd5 32. Ne4 Rc2 33. Nc5 Rc4 34. Nd7 Rxf4 35. gxf4 Kf7 36. Nc5 Kf6 37. Kh2 Kf5 38. Kg3 h5 39. f3 g6 40. Nd3 Ke6 41. Nc5+ Kd6 42. Nd3 Bb3 43. Nc5 Kd5 44. Nxb3 Kc4 45. Nc1 Kxb4 46. Kf2 Kc3 47. Ke2 Kd4 48. Kd2 c5 49. Nb3+ Kd5 50. Nc1 c4 51. Kc3 Kc5 52. Na2 Kd5 53. Nb4+ Kc5 54. Na2 1/2-1/2

[Event "27th Klatovy B 2019"]
[Site "Klatovy CZE"]
[Date "2019.07.04"]
[Round "6.62"]
[White "Zimovcak, Zdenek"]
[Black "Pasek, Josef"]
[Result "1-0"]
[WhiteElo "1600"]
[BlackElo "1067"]
[PlyCount "75"]
[EventDate "2019.06.29"]
[EventType "swiss"]
[EventRounds "9"]
[EventCountry "CZE"]

1. e4 c5 2. Nc3 e6 3. Nf3 Nc6 4. d4 cxd4 5. Nxd4 Nf6 6. Nxc6 bxc6 7. a3 d5 8. exd5 cxd5 9. Bd3 Be7 10. O-O O-O 11. Re1 Bd6 12. Qf3 Bc7 13. Bg5 Kh8 14. Nb5 Bb8 15. Nd4 e5 16. Bxf6 Qxf6 17. Qxd5 Qb6 18. Nb3 Bb7 19. Qc5 Qd8 20. Rad1 Bd6 21. Qe3 f5 22. Qd2 f4 23. Bf1 Qc7 24. Qxd6 Qxc2 25. Nc5 Qxb2 26. Rb1 Qc3 27. Nxb7 Rab8 28. Red1 Qc8 29. Na5 Ra8 30. Rdc1 Qe8 31. Bb5 Qf7 32. Rc7 Qf6 33. Qxf6 Rxf6 34. Rbc1 Rff8 35. Ba6 h6 36. Rc8 Raxc8 37. Rxc8 Rxc8 38. Bxc8 1-0

[Event "27th Klatovy B 2019"]
[Site "Klatovy CZE"]
[Date "2019.07.04"]
[Round "6.63"]
[White "Pozar, Pavel"]
[Black "Hala, Matej"]
[Result "1-0"]
[WhiteElo "1329"]
[BlackElo "1014"]
[PlyCount "45"]
[EventDate "2019.06.29"]
[EventType "swiss"]
[EventRounds "9"]
[EventCountry "CZE"]

1. e4 e5 2. Nf3 Nc6 3. Bc4 Nf6 4. Ng5 d5 5. exd5 Nxd5 6. Qf3 Be6 7. Nc3 f6 8. Nxe6 Qd7 9. Bxd5 Nb4 10. Bb3 Rb8 11. Qh3 b6 12. Ba4 c6 13. a3 Na6 14. Nxf8 Rxf8 15. Qxd7+ Kxd7 16. b4 b5 17. Bb3 f5 18. a4 Ra8 19. axb5 Nxb4 20. Ba3 Nd5 21. bxc6+ Kxc6 22. Bxd5+ Kd7 23. Bxf8 1-0

[Event "27th Klatovy B 2019"]
[Site "Klatovy CZE"]
[Date "2019.07.04"]
[Round "6.64"]
[White "Slechta, Adam"]
[Black "Lhotsky, Zdenek 1966"]
[Result "0-1"]
[WhiteElo "1000"]
[BlackElo "1285"]
[PlyCount "70"]
[EventDate "2019.06.29"]
[EventType "swiss"]
[EventRounds "9"]
[EventCountry "CZE"]

1. d4 Nf6 2. c4 e6 3. e3 b6 4. Nc3 Bb4 5. Bd3 Bb7 6. Nf3 O-O 7. O-O d6 8. Bd2 Nbd7 9. a3 Bxc3 10. Bxc3 Ne4 11. Qb3 c5 12. d5 exd5 13. cxd5 Ndf6 14. Bc4 Nxc3 15. bxc3 Ne4 16. h3 f5 17. Bd3 Rf6 18. c4 Rg6 19. Rfd1 Qf6 20. Ra2 Bc8 21. Qb2 Nc3 22. Rda1 Nxa2 23. Qxa2 f4 24. Bxg6 Qxg6 25. Kf1 fxe3 26. fxe3 Qd3+ 27. Kf2 Bf5 28. Qd2 Qxc4 29. g4 Bg6 30. Rc1 Qe4 31. Ng5 Rf8+ 32. Ke2 Qg2+ 33. Kd1 Rf1+ 34. Qe1 Rxe1+ 35. Kxe1 Bd3 0-1

[Event "27th Klatovy B 2019"]
[Site "Klatovy CZE"]
[Date "2019.07.04"]
[Round "6.65"]
[White "Nechvatalova, Eva"]
[Black "Skrivan, Matej 2008"]
[Result "1-0"]
[WhiteElo "1134"]
[BlackElo "1012"]
[PlyCount "61"]
[EventDate "2019.06.29"]
[EventType "swiss"]
[EventRounds "9"]
[EventCountry "CZE"]

1. e4 c5 2. Nf3 Nc6 3. d4 cxd4 4. Nxd4 g6 5. Nc3 Bg7 6. Nxc6 Bxc3+ 7. bxc3 bxc6 8. Bd3 d5 9. Bg5 Nf6 10. Bxf6 exf6 11. O-O O-O 12. Re1 Re8 13. h3 c5 14. c4 Ba6 15. exd5 Rxe1+ 16. Qxe1 Qb6 17. Rb1 Qd6 18. Qd2 Rb8 19. Rxb8+ Qxb8 20. c3 Bxc4 21. Bxc4 Qb1+ 22. Bf1 a5 23. d6 a4 24. d7 Kg7 25. d8=Q a3 26. Qd1 Qxa2 27. Qf3 Qe6 28. Qfd5 a2 29. Qxe6 a1=Q 30. Qexf6+ Kh6 31. Qd2+ 1-0

[Event "27th Klatovy B 2019"]
[Site "Klatovy CZE"]
[Date "2019.07.04"]
[Round "6.66"]
[White "Denk, Lukas"]
[Black "Souralova, Alena"]
[Result "1-0"]
[WhiteElo "1092"]
[BlackElo "1000"]
[PlyCount "107"]
[EventDate "2019.06.29"]
[EventType "swiss"]
[EventRounds "9"]
[EventCountry "CZE"]

1. d4 d5 2. Nc3 Nf6 3. g3 Bf5 4. Bg2 e6 5. Nf3 Nc6 6. a3 Bd6 7. Nb5 Bb4+ 8. Bd2 Bxd2+ 9. Nxd2 a6 10. Nc3 Qd7 11. Nf3 O-O-O 12. Ne5 Nxe5 13. dxe5 Ne4 14. Nxe4 Bxe4 15. Bxe4 dxe4 16. Qxd7+ Rxd7 17. O-O Rd2 18. e3 Rxc2 19. f3 Rxb2 20. fxe4 Re2 21. Rxf7 Rxe3 22. Rxg7 Rxe4 23. Rg5 h6 24. Rh5 Rg8 25. Rxh6 Rxe5 26. Rc1 Rg7 27. Kf2 Rf5+ 28. Kg2 Re7 29. Rd1 Rf8 30. Kh3 Kb8 31. g4 Rf3+ 32. Kh4 Rxa3 33. Rh8+ Ka7 34. Kg5 Rf3 35. h4 Rh3 36. h5 e5 37. Kf6 Rh4 38. Kxe7 Rxg4 39. Re1 e4 40. Ke6 Rh4 41. Kf5 c5 42. Rxe4 Rxe4 43. Kxe4 b5 44. Rg8 c4 45. Kd4 a5 46. Rg3 a4 47. Kc3 a3 48. Rg2 Kb6 49. h6 Ka5 50. Rg5 Ka4 51. h7 b4+ 52. Kxc4 a2 53. h8=Q b3 54. Qa8# 1-0

[Event "27th Klatovy B 2019"]
[Site "Klatovy CZE"]
[Date "2019.07.04"]
[Round "6.67"]
[White "Batek, Tomas"]
[Black "Bican, Vojtech"]
[Result "1-0"]
[WhiteElo "1052"]
[BlackElo "1078"]
[PlyCount "63"]
[EventDate "2019.06.29"]
[EventType "swiss"]
[EventRounds "9"]
[EventCountry "CZE"]

1. e4 e5 2. Nf3 Nc6 3. Bc4 Nf6 4. d4 exd4 5. e5 Ne4 6. c3 dxc3 7. Bxf7+ Ke7 8. Nxc3 Nxc3 9. Bg5+ Kxf7 10. Qb3+ d5 11. Bxd8 Nxd8 12. Qxc3 Nc6 13. O-O Be6 14. Ng5+ Ke7 15. Rfe1 Kd7 16. Nxe6 Kxe6 17. Qh3+ Ke7 18. Rad1 Rd8 19. Qh4+ Ke8 20. e6 Be7 21. Qg3 Bd6 22. Qxg7 Rf8 23. Qxh7 Bb4 24. Qh5+ Ke7 25. Qh7+ Ke8 26. Re2 Bd6 27. h3 a5 28. g3 b5 29. Rxd5 a4 30. Rxb5 a3 31. b3 Be7 32. Qg6+ 1-0

[Event "27th Klatovy B 2019"]
[Site "Klatovy CZE"]
[Date "2019.07.04"]
[Round "6.68"]
[White "Batek, Simon"]
[Black "Nova, Anezka"]
[Result "0-1"]
[WhiteElo "1100"]
[BlackElo "1044"]
[PlyCount "90"]
[EventDate "2019.06.29"]
[EventType "swiss"]
[EventRounds "9"]
[EventCountry "CZE"]

1. e4 e5 2. Nf3 Nc6 3. Bc4 Bc5 4. Ng5 Qxg5 5. d3 Qe7 6. Nc3 Qd8 7. O-O Nf6 8. Bg5 h6 9. Be3 Bxe3 10. fxe3 d6 11. Nd5 Nxd5 12. exd5 Nb4 13. c3 Na6 14. e4 c6 15. dxc6 bxc6 16. Bxf7+ Ke7 17. b4 Rf8 18. Bh5 Rxf1+ 19. Qxf1 Qf8 20. Qe2 Be6 21. c4 Nxb4 22. Rb1 Na6 23. Rb7+ Bd7 24. c5 Nxc5 25. Bg4 Nxb7 26. Bxd7 Kxd7 27. a3 Rb8 28. d4 Nc5 29. h3 Rb1+ 30. Kh2 Qf4+ 31. g3 Qxe4 32. Qg4+ Qxg4 33. hxg4 Rf1 34. Kg2 Rf8 35. dxc5 dxc5 36. Kh3 e4 37. Kh4 e3 38. g5 e2 39. gxh6 gxh6 40. Kh5 Rf6 41. g4 e1=Q 42. g5 hxg5 43. Kxg5 Rf2 44. Kg4 Qg1+ 45. Kh3 Rh2# 0-1

[Event "27th Klatovy B 2019"]
[Site "Klatovy CZE"]
[Date "2019.07.05"]
[Round "7.1"]
[White "Kastner, Jan"]
[Black "Stanik, Michal"]
[Result "1-0"]
[WhiteElo "1919"]
[BlackElo "1782"]
[PlyCount "131"]
[EventDate "2019.06.29"]
[EventType "swiss"]
[EventRounds "9"]
[EventCountry "CZE"]

1. d4 d5 2. Nf3 Nf6 3. Bf4 e6 4. e3 c5 5. c3 Nc6 6. Nbd2 Bd6 7. Bg5 h6 8. Bh4 O-O 9. Bb5 cxd4 10. exd4 Bd7 11. O-O Be7 12. Bd3 g5 13. Bg3 Nh5 14. Ne5 Nxg3 15. Nxc6 Bxc6 16. hxg3 Bf6 17. f4 gxf4 18. gxf4 Bg7 19. Qf3 f5 20. Rae1 Qf6 21. g3 Kh7 22. Rf2 Rg8 23. Rh2 Bf8 24. Kf2 Re8 25. Reh1 Re7 26. g4 Rg6 27. g5 Qf7 28. Qe2 Kg8 29. Nf3 Bg7 30. Nh4 hxg5 31. Nxg6 Qxg6 32. Qh5 Qxh5 33. Rxh5 g4 34. Re1 Kf7 35. Kg3 Be8 36. Rh7 Kg6 37. Rh2 a6 38. Rh4 Kf6 39. Reh1 Bc6 40. Re1 Be8 41. Bc2 Rc7 42. Bb3 Bb5 43. Rh2 Bd3 44. Bc2 Bb5 45. Reh1 Be8 46. Re1 Bb5 47. Rh7 Re7 48. Rh5 Be8 49. Rh2 Bb5 50. a4 Be8 51. Rhe2 Bf7 52. Re5 Rc7 53. R5e3 Kg6 54. Rxe6+ Bxe6 55. Rxe6+ Kf7 56. Bxf5 Rc4 57. Rb6 Rxa4 58. Kxg4 Ra1 59. Be6+ Ke7 60. Bxd5 Rg1+ 61. Kf5 Bf8 62. Bxb7 a5 63. c4 Bg7 64. d5 Rg2 65. c5 Bxb2 66. d6+ 1-0

[Event "27th Klatovy B 2019"]
[Site "Klatovy CZE"]
[Date "2019.07.05"]
[Round "7.2"]
[White "Masek, Jan"]
[Black "Flajsman, Petr"]
[Result "1/2-1/2"]
[WhiteElo "1905"]
[BlackElo "1799"]
[PlyCount "64"]
[EventDate "2019.06.29"]
[EventType "swiss"]
[EventRounds "9"]
[EventCountry "CZE"]

1. e4 c5 2. Nc3 Nc6 3. Bb5 d6 4. Bxc6+ bxc6 5. d3 Rb8 6. b3 g6 7. Nge2 Bg7 8. Rb1 e6 9. O-O Ne7 10. Be3 O-O 11. f4 f5 12. e5 Nd5 13. Nxd5 cxd5 14. exd6 d4 15. Bf2 Qxd6 16. Bg3 Bd7 17. Kh1 Bc6 18. Ng1 e5 19. fxe5 Bxe5 20. Bxe5 Qxe5 21. Re1 Qf6 22. Qd2 Bd5 23. Qf2 Rfe8 24. Re2 Rxe2 25. Qxe2 Bc6 26. Re1 Re8 27. Qd2 Rxe1 28. Qxe1 Qd6 29. Qe2 Kf7 30. Nf3 Kf6 31. Kg1 Qf4 32. Nd2 Bd5 1/2-1/2

[Event "27th Klatovy B 2019"]
[Site "Klatovy CZE"]
[Date "2019.07.05"]
[Round "7.3"]
[White "Vanduyfhuys, Igor"]
[Black "Zak, Jiri1"]
[Result "1-0"]
[WhiteElo "1803"]
[BlackElo "1717"]
[PlyCount "95"]
[EventDate "2019.06.29"]
[EventType "swiss"]
[EventRounds "9"]
[EventCountry "CZE"]

1. e4 e5 2. Nf3 Nc6 3. Bc4 Be7 4. d4 exd4 5. Nxd4 Nf6 6. Nc3 O-O 7. O-O Ne5 8. Bb3 d6 9. f4 Ng6 10. Kh1 a6 11. Qf3 Rb8 12. Be3 c6 13. a4 c5 14. Nf5 Bxf5 15. exf5 Nh8 16. Rad1 Qc8 17. g4 Qc6 18. Bd5 Nxd5 19. Nxd5 Bd8 20. f6 gxf6 21. f5 Ng6 22. fxg6 fxg6 23. Bf4 Rc8 24. Nc3 Rf7 25. Bxd6 Qxf3+ 26. Rxf3 Ba5 27. Rdf1 Kg7 28. Rxf6 Rxf6 29. Be5 Bxc3 30. Bxc3 Kg8 31. Rxf6 Rd8 32. Kg2 Re8 33. Kf3 Re7 34. Rd6 Kf7 35. Rd5 Rc7 36. Be5 Rc6 37. Rd6 Rc8 38. Rb6 h5 39. gxh5 gxh5 40. Rxb7+ Ke6 41. Ke4 Rg8 42. Rb6+ Kf7 43. Rxa6 Rg2 44. a5 Rxc2 45. Rh6 Rc4+ 46. Kd5 Ra4 47. a6 c4 48. a7 1-0

[Event "27th Klatovy B 2019"]
[Site "Klatovy CZE"]
[Date "2019.07.05"]
[Round "7.4"]
[White "Sova, Zdenek"]
[Black "Zidu, Jan"]
[Result "0-1"]
[WhiteElo "1687"]
[BlackElo "1852"]
[PlyCount "94"]
[EventDate "2019.06.29"]
[EventType "swiss"]
[EventRounds "9"]
[EventCountry "CZE"]

1. Nf3 Nf6 2. d4 e6 3. c4 b6 4. Nc3 Bb7 5. e3 d5 6. cxd5 Nxd5 7. Be2 Nd7 8. Qa4 Bd6 9. Bb5 a6 10. Bxd7+ Qxd7 11. Qxd7+ Kxd7 12. O-O f6 13. Nd2 Nxc3 14. bxc3 c5 15. Nc4 Bc7 16. dxc5 bxc5 17. Ba3 Kc6 18. Rab1 Bc8 19. Rfd1 a5 20. Bc1 Ba6 21. Nd2 Rhd8 22. f4 Rd3 23. Re1 Rxc3 24. Bb2 Rc2 25. Ne4 Rb8 26. Ba3 Rxb1 27. Rxb1 Bd3 28. Nxc5 Rxc5 29. Rd1 Rd5 30. Rc1+ Kd7 31. Bf8 g6 32. Bg7 Bd8 33. g4 Rb5 34. Kf2 Be4 35. Rc4 Rb4 36. Rc1 Rb2+ 37. Kg3 Rg2+ 38. Kh3 Re2 39. Kg3 Rxe3+ 40. Kf2 Bb6 41. Kf1 Rf3+ 42. Ke1 Rxf4 43. Bf8 Rxg4 44. Rc3 Bd5 45. Rd3 Rg1+ 46. Ke2 Ke8 47. Bd6 Bc4 0-1

[Event "27th Klatovy B 2019"]
[Site "Klatovy CZE"]
[Date "2019.07.05"]
[Round "7.5"]
[White "Soucek, Petr"]
[Black "Vachal, Josef1"]
[Result "1-0"]
[WhiteElo "1679"]
[BlackElo "1827"]
[PlyCount "63"]
[EventDate "2019.06.29"]
[EventType "swiss"]
[EventRounds "9"]
[EventCountry "CZE"]

1. d4 Nf6 2. Bg5 Ne4 3. Bf4 c5 4. f3 Nf6 5. d5 d6 6. e4 Qb6 7. Nd2 Nh5 8. Nc4 Qc7 9. Be3 b5 10. Nd2 Ba6 11. c3 Qb7 12. a4 b4 13. Bxa6 Nxa6 14. Ne2 g6 15. O-O Bg7 16. Nc4 O-O 17. Qd2 Rfe8 18. Rab1 Qc7 19. Rfd1 Rad8 20. Qd3 Nf6 21. Bd2 Nd7 22. Rbc1 Nb6 23. b3 Nxc4 24. Qxc4 Qb7 25. cxb4 cxb4 26. Qc6 Rb8 27. Be3 e6 28. dxe6 Rxe6 29. Rxd6 Rxd6 30. Qxd6 Bf8 31. Qc6 f6 32. Nf4 1-0

[Event "27th Klatovy B 2019"]
[Site "Klatovy CZE"]
[Date "2019.07.05"]
[Round "7.6"]
[White "Pecka, Jan"]
[Black "Macho, Miloslav"]
[Result "1/2-1/2"]
[WhiteElo "1537"]
[BlackElo "1745"]
[PlyCount "69"]
[EventDate "2019.06.29"]
[EventType "swiss"]
[EventRounds "9"]
[EventCountry "CZE"]

1. Nf3 Nc6 2. d4 d5 3. Bg5 Bg4 4. e3 f6 5. Bh4 e5 6. dxe5 Bxf3 7. Qxf3 Nxe5 8. Qd1 Qd7 9. Be2 Bb4+ 10. c3 Be7 11. Nd2 Nh6 12. Nf3 Nhf7 13. Nd4 Nd6 14. Bg3 c5 15. Nb3 Ne4 16. Bf4 g5 17. Bg3 Nf7 18. Bh5 Nxg3 19. hxg3 Qe6 20. Qf3 f5 21. O-O-O O-O-O 22. g4 f4 23. exf4 gxf4 24. Bxf7 Qxf7 25. Rh5 c4 26. Nd4 Rhg8 27. Re1 Bg5 28. Re5 h6 29. Rh1 Rge8 30. Rhe1 Bf6 31. Rxe8 Rxe8 32. Rxe8+ Qxe8 33. Kd1 Bxd4 34. cxd4 Qa4+ 35. Kc1 1/2-1/2

[Event "27th Klatovy B 2019"]
[Site "Klatovy CZE"]
[Date "2019.07.05"]
[Round "7.7"]
[White "Day, Timothy"]
[Black "Vaclavik, Jan"]
[Result "1/2-1/2"]
[WhiteElo "1527"]
[BlackElo "1733"]
[PlyCount "61"]
[EventDate "2019.06.29"]
[EventType "swiss"]
[EventRounds "9"]
[EventCountry "CZE"]

1. e4 c5 2. Nc3 Nc6 3. f4 e6 4. Bb5 Nge7 5. Nf3 a6 6. Be2 g6 7. a4 Bg7 8. d3 d5 9. O-O O-O 10. Qe1 Rb8 11. Qh4 Nd4 12. Bd1 Nec6 13. Qxd8 Rxd8 14. e5 Nxf3+ 15. Bxf3 h5 16. a5 f6 17. exf6 Bxf6 18. Bd2 Nd4 19. Na4 c4 20. Bc3 Kf7 21. Rf2 Bd7 22. Nb6 Bb5 23. dxc4 Bxc4 24. Rd1 Nxf3+ 25. Rxf3 Be2 26. Rdd3 Bxf3 27. Rxf3 d4 28. Bd2 Rd6 29. Nc4 Rd5 30. Kf2 Rc8 31. b3 1/2-1/2

[Event "27th Klatovy B 2019"]
[Site "Klatovy CZE"]
[Date "2019.07.05"]
[Round "7.8"]
[White "Bauer, Jan 2005"]
[Black "Benes, Jachym"]
[Result "1-0"]
[WhiteElo "1721"]
[BlackElo "1653"]
[PlyCount "31"]
[EventDate "2019.06.29"]
[EventType "swiss"]
[EventRounds "9"]
[EventCountry "CZE"]

1. d4 d5 2. Nf3 Nf6 3. e3 Bf5 4. c4 e6 5. Qb3 Qc8 6. Nh4 Bxb1 7. Rxb1 c5 8. Nf3 Nc6 9. Bd2 cxd4 10. exd4 dxc4 11. Bxc4 Qd7 12. O-O Rd8 13. Ne5 Nxd4 14. Nxd7 Nxb3 15. Nxf6+ gxf6 16. Bb5+ 1-0

[Event "27th Klatovy B 2019"]
[Site "Klatovy CZE"]
[Date "2019.07.05"]
[Round "7.9"]
[White "Danek, Vaclav"]
[Black "Kalab, Jaromir"]
[Result "1-0"]
[WhiteElo "1849"]
[BlackElo "1577"]
[PlyCount "79"]
[EventDate "2019.06.29"]
[EventType "swiss"]
[EventRounds "9"]
[EventCountry "CZE"]

1. c4 c5 2. Nc3 Nf6 3. g3 e6 4. Bg2 Nc6 5. e4 Ne5 6. d3 Be7 7. f4 Nc6 8. e5 Ng8 9. Nge2 Nh6 10. d4 Nf5 11. d5 Na5 12. d6 Nxc4 13. dxe7 Qxe7 14. Qd3 d5 15. exd6 Ncxd6 16. Be3 c4 17. Qd2 O-O 18. Bc5 Rd8 19. Rd1 a5 20. O-O h5 21. Ne4 Ra6 22. N2c3 Qd7 23. Qe2 Qc7 24. Bf2 g6 25. Rd2 b5 26. Rfd1 b4 27. Nb5 Qe7 28. h3 Bb7 29. g4 hxg4 30. hxg4 Bxe4 31. Bxe4 Nh4 32. Bc5 c3 33. Rxd6 Raxd6 34. Rxd6 Rxd6 35. Bxd6 Qd7 36. bxc3 bxc3 37. Be5 f5 38. Bc2 fxg4 39. Qd3 Qh7 40. Qd8+ 1-0

[Event "27th Klatovy B 2019"]
[Site "Klatovy CZE"]
[Date "2019.07.05"]
[Round "7.10"]
[White "Vavrousek, Petr"]
[Black "Jirasek, Jiri"]
[Result "1/2-1/2"]
[WhiteElo "1686"]
[BlackElo "1908"]
[PlyCount "109"]
[EventDate "2019.06.29"]
[EventType "swiss"]
[EventRounds "9"]
[EventCountry "CZE"]

1. e4 e5 2. Nf3 Nc6 3. Bb5 a6 4. Ba4 Nf6 5. O-O b5 6. Bb3 Be7 7. Re1 d6 8. c3 Na5 9. Bc2 c5 10. d4 Qc7 11. d5 O-O 12. b3 Bd7 13. Nbd2 Nb7 14. a4 g6 15. Nf1 Nh5 16. Be3 bxa4 17. b4 cxb4 18. cxb4 a5 19. Bxa4 axb4 20. Bxd7 Qxd7 21. Qb3 Qb5 22. Rab1 Ra4 23. Rec1 Na5 24. Qc2 Nf4 25. Bxf4 exf4 26. Nd4 Qd7 27. Nd2 Bf6 28. Nc6 b3 29. Nxb3 Nxb3 30. Rxb3 Rfa8 31. Rb8+ Kg7 32. Rxa8 Rxa8 33. Qd2 g5 34. h3 f3 35. e5 dxe5 36. Nxe5 Qf5 37. Ng4 fxg2 38. Kxg2 Ra3 39. Ne3 Qe4+ 40. Kg1 h5 41. Qc2 Rxe3 42. fxe3 Qxe3+ 43. Kg2 Be5 44. Rh1 Qg3+ 45. Kf1 Qf3+ 46. Kg1 Qxd5 47. Qg2 Qxg2+ 48. Kxg2 g4 49. Re1 Kf6 50. Rf1+ Kg6 51. Re1 f6 52. Re4 Kg5 53. Ra4 f5 54. Ra5 Bf6 55. Rb5 1/2-1/2

[Event "27th Klatovy B 2019"]
[Site "Klatovy CZE"]
[Date "2019.07.05"]
[Round "7.11"]
[White "Vilimek, Vit"]
[Black "Kaspar, Lukas"]
[Result "1/2-1/2"]
[WhiteElo "1529"]
[BlackElo "1886"]
[PlyCount "95"]
[EventDate "2019.06.29"]
[EventType "swiss"]
[EventRounds "9"]
[EventCountry "CZE"]

1. e4 e6 2. Nf3 b6 3. a3 Bb7 4. Nc3 d6 5. d4 Nd7 6. Bc4 Ne7 7. Bxe6 fxe6 8. Ng5 e5 9. Ne6 Qc8 10. Nb5 Nf6 11. Nexc7+ Kd8 12. dxe5 Nxe4 13. f3 Qf5 14. O-O Qxe5 15. fxe4 Rc8 16. Kh1 Rxc7 17. Nxd6 Nd5 18. Bf4 Qe6 19. exd5 Bxd5 20. c4 Bxd6 21. Bxd6 Bxg2+ 22. Kxg2 Rd7 23. Qf3 Rxd6 24. Rad1 Rxd1 25. Rxd1+ Kc7 26. Qg3+ Kc8 27. Qf3 Kc7 28. Qd5 Re8 29. Rf1 Qxd5+ 30. cxd5 Re7 31. Rf2 Kd6 32. Rd2 Re5 33. Rf2 Re7 34. Rd2 h6 35. Kg3 Re5 36. Rf2 Rxd5 37. Rf7 Rg5+ 38. Kf3 a5 39. Rb7 b5 40. h4 Kc6 41. Rf7 Rg1 42. Re7 Kd5 43. Rb7 Kc6 44. Re7 a4 45. Re6+ Kc5 46. Re3 Kc4 47. Rc3+ Kd5 48. Rc7 1/2-1/2